Представление документа в формате MARC21

ПолеНазваниеЗначение
  Тип записи a
  Библиографический уровень m
001 Контрольный номер RU\infra-m\znanium\bibl\2172160
005 Дата корректировки 20260429142124.0
008 Кодируемые данные 250110s2024 RU g rus u
020 Индекс ISBN __
a ISBN 978-5-16-020404-8
020 Индекс ISBN __
a ISBN 978-5-16-112994-4 (электр. издание)
040 Источник каталогиз. __
a Служба первич. каталог. Общество с ограниченной ответственностью «ЗНАНИУМ»
041 Код языка издания __
a Код языка текста rus
044 Код страны публикации __
a Код страны публикации RU
080 Индекс УДК __
a Индекс УДК 811.111(075.32)
084 Индекс другой классификации/Индекс ББК __
2 Источник индекса rubbk
a Индекс другой классификации/Индекс ББК 81.2Англ.я723
084 Индекс другой классификации/Индекс ББК __
2 Источник индекса okso
a Индекс другой классификации/Индекс ББК 00.01.02
100 Автор __
a Автор Караванов А. А.
q Полное имя Караванов Алексей Алексеевич
245 Заглавие __
a Заглавие Времена английского глагола. Система, правила, упражнения, тесты
b Продолж. заглавия Учебное пособие
250 Сведения об издании __
a Основные сведения об издании 1
260 Выходные данные __
a Место издания Москва
b Издательство ООО "Научно-издательский центр ИНФРА-М"
c Дата издания 2025
300 Физическое описание __
a Объем 212 с.
440 Серия __
a Серия Среднее профессиональное образование
520 Аннотация __
a Аннотация Учебное пособие посвящено одной из самых актуальных тем английской грамматики — временам английского глагола. Система времен английского глагола является настолько стройной гармоничной компактной и «геометрически правильной» что при подходящей методике подачи и проработке материала она представляет собой идеальный объект для изучения. В пособии ставится цель развивать у учащихся языковое чувство поскольку лишь обладая языковым чувством можно научиться строить правильные высказывания на иностранном языке. Содержит 28 правил 390 упражнений и 18 тестов. Широко представлена современная английская разговорная речь что позволяет учащимся глубоко погрузиться в живую стихию языка. Рекомендуется для работы с учащимися начально-среднего среднего и продвинутого этапов обучения.
521 Примеч. о цел. назн. __
a Примеч. о целев. назн. Среднее профессиональное образование
650 Тематические рубрики __
a Основная рубрика Филологические науки
x Основная подрубрика Английский язык
655 Указ. предметных рубрик (устаревшее) __
a Жанр/ форма (устаревшее) Учебное пособие
856 Электронный адрес документа 4_
a Имя сервера/домена znanium.ru
m Помощь ebs_support@infra-m.ru
n Местонахождение сервера НИЦ ИНФРА-М
u URL https://znanium.ru/catalog/document?id=453669
856 Электронный адрес документа 48
a Имя сервера/домена znanium.ru
d Путь /cover/2172
f Электронное имя 2172160.jpg
q Тип электронного формата image/jpeg
u URL https://znanium.ru/cover/2172/2172160.jpg
911 __
u 0030=https://znanium.ru/catalog/document?id=453669